| 000 | 00903nam a2200229Ia 4500 | ||
|---|---|---|---|
| 999 |
_c35722 _d35722 |
||
| 001 | 1596 | ||
| 003 | GE_BSU | ||
| 005 | 20200226164352.0 | ||
| 008 | 181216s2005 xx |||||||||||||| ||geo|| | ||
| 020 | _a9994025015 | ||
| 040 | _cGE_BSU | ||
| 041 | _ageo | ||
| 080 | _a539.3/.6(075.8) ხ–15 | ||
| 100 |
_aხავლოშვილი, ე. _97517 |
||
| 245 |
_aმასალათა გამძლეობა / _cე. ხავლოშვილი ; გ. ფუტკარაძე ; რედ. ვ. ჩხაიძე. |
||
| 264 |
_aბათუმი : _bბათუმის უნ–ტის გამ-ბა, _c2005. |
||
| 300 |
_a515 გვ .: _c19 სმ. |
||
| 653 | _aმასალათა გამძლეობა. | ||
| 700 |
_aფუტკარაძე, გ. _92474 |
||
| 700 |
_aჩხაიძე, ვ _eრედაქტორი _97518 |
||
| 942 |
_cBK _2udc |
||